Регионална библиотека "Любен Каравелов" - Русе

Харалан и Ладин Попови в Русенската петдесятна църква (1928 - 2020) (Запис номер 451577)

MARC детайли
000 -Лидер
Контролно поле с фиксирана дължина nam a22 a 4500
003 - Код на организацията, давaща контролен номер
Контролно поле BLK
005 - Дата и час на последна редакция
Контролно поле 20221215130133.0
008 - Елементи от данни с фиксирана дължина
fixed length control field 190823b bu ah||gr|||| 00| 0 bu d
020 ## - Международен стандартен номер на книга ISBN
Международен стандартен номер на книга ISBN 9789543207831
040 ## - Източник на каталожния запис
Идентификатор на билиотеката - собственик на записа BLK
041 ## - Код за език
Код за езика на текст/звукозапис или на отделно заглавие Български
Код за езика КДБФ Български
080 ## - УДК
Текстов определител УДК Протестантски църкви
УДК код - определител по УДК 274/278
УДК определител (092)
УДК - код + определител 274/278(092)
080 ## - УДК
Текстов определител УДК Евангелски пастор, репресиран от комунистическия режим
УДК код - определител по УДК 929 Попов, Харалан Иванов
УДК - код + определител 929 Попов, Харалан Иванов
080 ## - УДК
Текстов определител УДК Евангелски пастор, репресиран от комунистическия режим
УДК код - определител по УДК 929 Попов, Ладин Иванов
УДК - код + определител 929 Попов, Ладин Иванов
100 ## - Редна дума - Автор
R(LIN) 380596
Автор Пеев, Вениамин Тимотеев
Авторска отговорност първи автор
139 ## - Редно поле
Редна дума Пеев, Вениамин Тимотеев
Авторски знак Пе - П 32
245 ## - Сведения за заглавието
Заглавие Харалан и Ладин Попови в Русенската петдесятна църква (1928 - 2020)
Редно поле (дума) Вениамин Пеев.
260 ## - Област на издателските данни
9 (RLIN) 209565
Място на издаване, разпространение и проч. София
Име на издателя, разпространителя и проч. Рива
Година на издаване 2022
Издателство - префикс ISBN 978-954-320- ; 954-8440-
300 ## - Физическа характеристика
Страници 332 с.
Илюстрации и др. с ил., факс.
Размери/Мащаб 23 см
380 ## - Жанр
Жанр Религия. Теология
500 ## - Общи забележки
Забележка Именен показалец. - 14.99 лв.
504 ## - Забележка за наличие на библиография и др
Забележка за наличие на библиография и под. Библиогр.: с. 286 - 291.
600 #0 - Име на лице, използвано като предмет
9 (RLIN) 472623
За него / За нея Попов, Харалан Иванов
600 #0 - Име на лице, използвано като предмет
9 (RLIN) 472624
За него / За нея Попов, Ладин Иванов
650 #7 - Допълнително описание по предмет – тема
9 (RLIN) 168154
Основно описание – тема или топоним Протестантство - история
653 #7 - Ключова дума – ненормативна
9 (RLIN) 182576
Ключова дума България
653 #7 - Ключова дума – ненормативна
9 (RLIN) 196256
Ключова дума свещеници
653 #7 - Ключова дума – ненормативна
9 (RLIN) 194769
Ключова дума протестантска църква
653 #7 - Ключова дума – ненормативна
9 (RLIN) 195490
Ключова дума репресии
852 ## - Местоположение
Форматна сигнатура Цб 312031
Фондова буква Основен фонд - ползва се само за читалня
852 ## - Местоположение
Форматна сигнатура Цб 315170
Фондова буква Хранилище
852 ## - Местоположение
Форматна сигнатура К 2/П 32 В
Фондова буква Краезнание - справочен фонд
856 ## - Електронен адрес и достъп
Инструкция (цена за достъп) 0.00
Права за достъп disable
999 ## - СИСТЕМНИ КОНТРОЛНИ НОМЕРА
Koha biblionumber 451577
Koha biblioitemnumber 451577
942 ## - АРТИКУЛИ
Вид на библиотечния материал Книги
Скрит в OPAC Не
Периодичен библиозапис Да
944 ## - СЪЗДАВАНЕ И РЕДАКЦИЯ на ЗАПИСА
Създаване/Редакция Създаване
Служител, извършил регистрацията/редакцията Кети
999 ## - СИСТЕМНИ КОНТРОЛНИ НОМЕРА
Koha biblioitemnumber 451577
Наличности
Код за отписване Код за изгубен артикул Източник на класификационната схема Код за повреда Коз за рестрикции Код за отдаване Артикулен № Име на библиотеката - собственик Име на библиотеката, в която се намира в момента Статус (Текущо местоположение) Дата на вписване в системата Местоположение - отдел Цена в лева Систематично азбучна сигнатура Баркод Цена в евро Служебен тип на артикула
  Не е изгубен Universal Decimal Classification Не е повреден само за читалня ползва се в читалня 880551 Регионална библиотека "Любен Каравелов" Русе Регионална библиотека "Любен Каравелов" Русе Хранилище 2022-04-06 Основен фонд - ползва се само за читалня 14.99 Цб 312031 120000870646 7.66 Книги
  Не е изгубен Universal Decimal Classification Не е повреден само за читалня ползва се в читалня 882195 Регионална библиотека "Любен Каравелов" Русе Регионална библиотека "Любен Каравелов" Русе Краезнание 2022-04-19 Краезнание 14.99 К 2/П 32 В 120000871247 7.66 Книги
  Не е изгубен Universal Decimal Classification Не е повреден само за читалня ползва се в читалня 919740 Регионална библиотека "Любен Каравелов" Русе Регионална библиотека "Любен Каравелов" Русе Хранилище 2022-12-15 Хранилище 14.99 Цб 315170 120000879725 7.66 Книги
Vip Innovations Ltd, Rousse, Bulgaria 2025